Principios universales de diseño: 100 maneras de fomentar el utilitarismo, influir en la percepción, incrementar el atractivo de los objetos, diseñar de forma más acertada y enseñar a través del diseño
Gespeichert in:
| Hauptverfasser: | , , |
|---|---|
| Format: | Buch |
| Sprache: | Spanisch |
| Veröffentlicht: |
Barcelona
Naturart
2005
|
| Schlagworte: | |
| Tags: |
Tag hinzufügen
Keine Tags, Fügen Sie den ersten Tag hinzu!
|
MARC
| LEADER | 00000nam a2200000 a 4500 | ||
|---|---|---|---|
| 001 | UCJ2012 | ||
| 003 | CL-VaPUC | ||
| 008 | 061124e20050000SP |||||||||||||||||spa|d | ||
| 020 | |a 8480765321 | ||
| 082 | 0 | 4 | |a 745.2 |b LID |2 21 |
| 100 | 0 | |a Lidwell, William |e author |9 502878 | |
| 700 | 0 | |a Holden, Kritina |e author |9 502879 | |
| 700 | 0 | |a Butler, Jill |e author |9 502880 | |
| 245 | 1 | 0 | |a Principios universales de diseño: 100 maneras de fomentar el utilitarismo, influir en la percepción, incrementar el atractivo de los objetos, diseñar de forma más acertada y enseñar a través del diseño |
| 300 | |a 215 p | ||
| 942 | |c BK | ||
| 945 | |d 20061124 00:00:00 |a cmena | ||
| 260 | |a Barcelona |b Naturart |c 2005 | ||
| 650 | 0 | |a Diseño industrial |9 262726 | |
| 650 | 0 | |a Filosofía del arte |9 264951 | |
| 650 | 0 | |a Influencia social |9 309315 | |
| 650 | 0 | |a Emociones |9 265224 | |
| 650 | 0 | |a Percepción |9 266750 | |
| 650 | 0 | |a Psicología social |9 222894 | |
| 583 | |a last modification |c 20061124 00:00:00 |k Rodrigo Vera | ||
| 999 | |c 318429 |d 318427 | ||
| 952 | |0 0 |1 0 |4 0 |6 745_200000000000000_LID_2005 |7 0 |8 A |9 396211 |a BIBARQ |b BIBARQ |d 2019-11-22 |i 4279891 |l 4 |o 745.2 LID 2005 |p 4279891 |r 2025-01-20 |s 2022-09-30 |w 2019-11-22 |y BK |k ARQ | ||